| 000 | 01161cam a22002417a 4500 | ||
|---|---|---|---|
| 001 | 000011985 | ||
| 005 | 20200929162639.0 | ||
| 008 | 040825s2003 sp a b 000 0 spa d | ||
| 020 | _a8400082060 | ||
| 040 |
_aDO-SdBNP _bspa _cBNPHU |
||
| 245 | 0 | 3 |
_aLa Casa de la Contratacion y la navegacion entre Espana y las Indias / _ccoordinadores Antonio Acosta Rodriguez, Adolfo Gonzalez Rodriguez, Enriqueta Vila Vilar. |
| 260 |
_aSevilla : _bUniversidad de Sevilla : _bConsejo Superior de Investigaciones Científicas : _bFundación El Monte, _c2003. |
||
| 300 |
_axxiii, 1072 p. : _bil. ; _c24 cm. |
||
| 500 | _aIncluye referencias bibliográficas y notas al pie de las páginas | ||
| 651 | 0 |
_aSpain _xCommerce _zLatin America _xHistory _vCongresses. _928346 |
|
| 651 | 0 |
_aLatin America _xCommerce _zSpain _xHistory _vCongresses. _928347 |
|
| 610 | 2 | 0 |
_aCasa de Contratacion (Spain) _xHistory. _928348 |
| 651 | 0 |
_aSpain _xColonies _zAmerica _xAdministration _vCongresses. _928349 |
|
| 650 | 0 |
_aShipping _zSpain _vCongresses. _928350 |
|
| 700 | 1 |
_aAcosta Rodríguez, Antonio. _928351 |
|
| 700 | 1 |
_aGonzalez Rodríguez, Adolfo Luis. _928352 |
|
| 700 | 1 |
_aVila Vilar, Enriqueta. _915386 |
|
| 999 |
_c11654 _d11654 |
||